00498nam a22001697a 450000500170000001000130001702000230003003500230005303700130007608200110008910000170010024500720011726000300018927000640021930000250028350000200030820180703105839.0 aB-161111 a8126904585c450.00 aB-161111, B-161108 bBPPD/PUB a823.08 aArora, Neena aThe novels of Mulk Raj Anand :cby Neena Aroraba study of his hero aNew DelhibAtlanticc2005 aB-2, Vishal Enclave, Opp. Rajouri GardenbNew Delhie110027 aviii, 222c22cm (Hb) aincludes index